Borussia Dortmund - Schalke 04 2015-2016 - Statistics

General Stats
  • This quiz has been taken 203 times
  • The average score is 11 of 29
Answer Stats
Answer % Correct
Mats Hummels
81%
Roman Bürki
81%
P.E. Aubameyang ¹
75%
Marcel Schmelzer
72%
Ralf Fährmann
69%
Klaas Huntelaar ²
66%
Thomas Tuchel
52%
Sokratis
50%
Ilkay Gündogan
45%
Julian Weigl
44%
Leroy Sané
44%
Shinji Kagawa ¹
44%
H. Mkhitaryan
43%
Max Meyer
40%
Sven Bender
37%
Gonzalo Castro
36%
Leon Goretzka
36%
Joel Matip
32%
Matthias Ginter ¹
31%
Sead Kolašinac
27%
F. Di Santo
24%
André Breitenreiter
23%
Adrian Ramos
21%
Dennis Aogo
21%
Eric Choupo Moting
14%
Junior Caïçara
13%
Roman Neustädter
13%
P.E. Hojbjerg
6%
Felix Platte
5%
No matching quizzes found
Score Distribution
Percent of People with Each Score
Percentile by Number Answered
Your Score History
You have not taken this quiz